ভাষা সমস্যা ও অন্যান্য প্রসঙ্গ / (Record no. 39971)
[ view plain ]
| 000 -LEADER | |
|---|---|
| fixed length control field | 00811nam a2200229 a 4500 |
| 001 - CONTROL NUMBER | |
| control field | 39971 |
| 003 - CONTROL NUMBER IDENTIFIER | |
| rucl marc code | BD-RjUL |
| 005 - DATE AND TIME OF LATEST TRANSACTION | |
| control field | 20211209053116.0 |
| 008 - FIXED-LENGTH DATA ELEMENTS--GENERAL INFORMATION | |
| fixed length control field | 160420s1969 pk ||||| |||| 00| 0 ben d |
| 020 ## - INTERNATIONAL STANDARD BOOK NUMBER | |
| Terms of availability | : Rs. 5.50 |
| 035 ## - SYSTEM CONTROL NUMBER | |
| System control number | (BD-RjUL) 40085 |
| 040 ## - CATALOGING SOURCE | |
| Original cataloging agency | BD-RjUL |
| Language of cataloging | ben |
| Transcribing agency | BD-RjUL |
| 041 ## - LANGUAGE CODE | |
| Language code of text/sound track or separate title | ben |
| 082 ## - DEWEY DECIMAL CLASSIFICATION NUMBER | |
| Edition number | 23 |
| Classification number | 491.44 |
| Author mark and year | MAB 1969 |
| 100 ## - MAIN ENTRY--PERSONAL NAME | |
| Personal name | মনিরুজ্জামান |
| 9 (RLIN) | 122302 |
| 245 10 - TITLE STATEMENT | |
| Title | ভাষা সমস্যা ও অন্যান্য প্রসঙ্গ / |
| Statement of responsibility, etc. | মনিরুজ্জামান |
| 260 ## - PUBLICATION, DISTRIBUTION, ETC. (IMPRINT) | |
| Place of publication, distribution, etc. | ঢাকা : |
| Name of publisher, distributor, etc. | সিটি লাইব্রেরী, |
| Date of publication, distribution, etc. | ১৯৬৯ |
| 300 ## - PHYSICAL DESCRIPTION | |
| Pagination | [৫], ৭, ২২৪ পৃ. ; |
| Size | ২১ সেমি. |
| 650 ## - SUBJECT ADDED ENTRY--TOPICAL TERM | |
| Topical term or geographic name as entry element | বাংলা ভাষা |
| 9 (RLIN) | 123113 |
| Topical term or geographic name as entry element | Bengali Language |
| 9 (RLIN) | 123114 |
| 942 ## - ADDED ENTRY ELEMENTS (KOHA) | |
| Source of classification or shelving scheme | Dewey Decimal Classification |
| Koha item type | Books |
| Lost status | Source of classification or shelving scheme | Damaged status | Not for loan | Collection code | Permanent Location | Current Location | Shelving location | Date acquired | Source of acquisition | Cost, normal purchase price | Total Checkouts | Full call number | Date last seen | Copy number | Koha item type |
|---|---|---|---|---|---|---|---|---|---|---|---|---|---|---|---|
| Dewey Decimal Classification | Non-fiction | Central Library, University of Rajshahi | Central Library, University of Rajshahi | 24/06/1970 | Pakistan Book | 5.50 | B 491.445 MAB 1969 | 20/04/2016 | C-2 | Books | |||||
| Dewey Decimal Classification | Non-fiction | Central Library, University of Rajshahi | Central Library, University of Rajshahi | 24/06/1970 | Pakistan Book | 5.50 | B 491.445 MAB 1969 | 20/04/2016 | C-3 | Books | |||||
| Dewey Decimal Classification | Non-fiction | Central Library, University of Rajshahi | Central Library, University of Rajshahi | 15/05/1970 | 5.50 | B 491.44 MAB 1969 | 28/04/2016 | C-4 | Books | ||||||
| Dewey Decimal Classification | Non-fiction | Central Library, University of Rajshahi | Central Library, University of Rajshahi | 15/05/1970 | Nawroge | 5.50 | B 491.44 MAB 1969 | 09/08/2016 | C-5 | Books | |||||
| Dewey Decimal Classification | Non-fiction | Central Library, University of Rajshahi | Central Library, University of Rajshahi | 15/05/1970 | Nawroge | 5.50 | B 491.44 MAB 1969 | 09/08/2016 | C-6 | Books | |||||
| Dewey Decimal Classification | Non-fiction | Central Library, University of Rajshahi | Central Library, University of Rajshahi | 15/05/1970 | Nawroge | 5.50 | B 491.44 MAB 1969 | 09/08/2016 | C-7 | Books | |||||
| Dewey Decimal Classification | Non-fiction | Central Library, University of Rajshahi | Central Library, University of Rajshahi | 15/05/1970 | Nawroge | 5.50 | B 491.44 MAB 1969 | 09/08/2016 | C-8 | Books | |||||
| Dewey Decimal Classification | Non-fiction | Central Library, University of Rajshahi | Central Library, University of Rajshahi | 15/05/1970 | Nawroge | 5.50 | B 491.44 MAB 1969 | 09/08/2016 | C-9 | Books | |||||
| Dewey Decimal Classification | Not For Loan | Non-fiction | Central Library, University of Rajshahi | Central Library, University of Rajshahi | Reading Room | 15/05/1970 | Nawroge kitabstan, Dhaka | 5.50 | B 491.44 MAB 1969 | 22/01/2017 | C-1 | Books |